000
00203 a2200097 4500
001
5537
100
_a
Hasson,JA
245
_a
Economics of Nuclear Power
260
_a
_b
Longmans
_c
090
_c
4549
_d
4549
942
_a
NUST-CAE
_c
M
_c
30877
999
_c
240610
_d
240610